000 00668nam a2200241Ia 4500
003 OSt
005 20221007080110.0
006 a|||||r|||| 00| 0
007 ta
008 221006b |||||||| |||| 00| 0 eng d
020 _a9789382059608
024 _a45,429
037 _cTextual
040 _aFLL
_cFLL
_beng
041 _2eng
_aeng
082 _aY15:7:7.2, Q7
100 _aSIKKA Shalini Ed.
_9482241
245 0 _aNational policy of India on women empowerment
260 _aNew Delhi
_bSynergy Books India India
_c2017
300 _axxx,295p.
_ccm.
942 _hY15:7:7.2, Q7
_cTEXL
_2CC
999 _c1158362
_d1158362